书目信息 |
| 题名: |
欲罢不能
|
|
| 作者: | 邬焕庆 著 | |
| 分册: | ||
| 出版信息: | 北京 文化艺术出版社 2009.10 |
|
| 页数: | 251页 | |
| 开本: | 24cm | |
| 丛书名: | ||
| 单 册: | ||
| 中图分类: | I247.5 | |
| 科图分类: | ||
| 主题词: | 长篇小说--chang pian xiao shuo--中国--当代 | |
| 电子资源: | ||
| ISBN: | 978-7-5039-3728-6 | |
| 000 | 01122nam0 2200253 450 | |
| 001 | 012010938702 | |
| 005 | 20100428182006.12 | |
| 010 | @a978-7-5039-3728-6@dCNY28.00 | |
| 100 | @a20100428d2009 em y0chiy0120 ea | |
| 101 | 0 | @achi |
| 102 | @aCN@b110000 | |
| 105 | @ay z 000ay | |
| 106 | @ar | |
| 200 | 1 | @a欲罢不能@Ayu ba bu neng@eOffice 3年@e年轻行政总裁的职场沉浮录@f邬焕庆著@Fwu huan qing zhu |
| 210 | @a北京@c文化艺术出版社@d2009.10 | |
| 215 | @a251页@d24cm | |
| 330 | @a《欲罢不能》内容简介:我叫巴西,本是国内一家知名新闻机构的工作者,下海后亲历内衣行业著名企业秀美公司迅猛发展、快速壮大到迅速衰落、被同行兼并而后继续发展的曲折过程。我在职场中遭遇了从秀美公司市场总监到公司副总裁再到执行总裁的攀升,其间甚至不得不违背自我,去扮演商业间谍的角色,最后得失参半、亦喜亦忧的人生经历。 | |
| 517 | 1 | @a年轻行政总裁的职场沉浮录@Anian qing xing zheng zong cai de zhi chang chen fu lu |
| 517 | 1 | @aOffice 3年@AOffice 3 nian |
| 606 | 0 | @a长篇小说@Achang pian xiao shuo@y中国@z当代 |
| 690 | @aI247.5@v4 | |
| 701 | 0 | @a邬焕庆@Awu huan qing@4著 |
| 801 | 0 | @aCN@bQSSK@c20100428 |
| 905 | @b779296-98@dI247.5@eW724@f3 | |
| 欲罢不能:Office 3年:年轻行政总裁的职场沉浮录/邬焕庆著.-北京:文化艺术出版社,2009.10 |
| 251页;24cm |
| ISBN 978-7-5039-3728-6:CNY28.00 |
| 《欲罢不能》内容简介:我叫巴西,本是国内一家知名新闻机构的工作者,下海后亲历内衣行业著名企业秀美公司迅猛发展、快速壮大到迅速衰落、被同行兼并而后继续发展的曲折过程。我在职场中遭遇了从秀美公司市场总监到公司副总裁再到执行总裁的攀升,其间甚至不得不违背自我,去扮演商业间谍的角色,最后得失参半、亦喜亦忧的人生经历。 |
| ● |
| 相关链接 |
|
|
|
正题名:欲罢不能
索取号:I247.5/W724
 
预约/预借
| 序号 | 登录号 | 条形码 | 馆藏地/架位号 | 状态 | 备注 |
| 1 | 779296 | 207792968 | 社科二线422/422社科库 7排1列5层/ [索取号:I247.5/W724] | 在馆 | |
| 2 | 779297 | 207792977 | 社科二线422/422社科库 7排1列5层/ [索取号:I247.5/W724] | 在馆 | |
| 3 | 779298 | 207792986 | 社科二线422/422社科库 7排1列5层/ [索取号:I247.5/W724] | 在馆 |